Frank Lioyd Wright : essential texts (Record no. 188032)

MARC details
000 -LEADER
fixed length control field 00500nam a2200181Ia 4500
008 - FIXED-LENGTH DATA ELEMENTS--GENERAL INFORMATION
fixed length control field 191130s2009##################000#0#eng##
020 ## - INTERNATIONAL STANDARD BOOK NUMBER
ISBN 9780393732610
082 ## - DEWEY DECIMAL CLASSIFICATION NUMBER
Classification number 720 TWO
100 ## - MAIN ENTRY--AUTHOR NAME
Personal name Twombly, Robert
245 ## - TITLE STATEMENT
Title Frank Lioyd Wright : essential texts
Statement of responsibility, etc Robert Twombly
260 ## - PUBLICATION, DISTRIBUTION, ETC. (IMPRINT)
Place of publication New York
Name of publisher W. W. Norton & Company
Year of publication 2009
300 ## - PHYSICAL DESCRIPTION
Number of Pages 303 p. : ill
500 ## - GENERAL NOTE
General note Includes index
991 ## -
-- 301465
Holdings
Withdrawn status Lost status Damaged status Not for loan Home library Current library Shelving location Date acquired Full call number Accession Number Price effective from Koha item type
        Anna Centenary Library Anna Centenary Library 6TH FLOOR, B WING 13.10.2020 720 TWO 346151 13.10.2020 English Books

Find us on the map